000 01167cai a22001815a 4500
001 L137236
008 070326u xxk g 000 0 eng d
035 _a(Sirsi) u137236
041 0 _aeng
110 2 _aInternational Accounting Standards Board
_94097
245 0 0 _aIFRIC update
_bMarch 2007
_h[electronic resource]
520 _aSummary of IFRIC meeting in London on 8 and 9 March 2007 2007, when it discussed D19 IAS 19: the asset ceiling: availability of economic benefits and minimum funding requirements, D20 customer loyalty programmes, IAS 18: revenue sales of real estate, IAS 21: the effects of changes in foreign exchange rates, the hedge of a net investment in a foreign operation, IAS 38: intangible assets, advertising and promotion, IFRS 5: non-current assets held for sale and discontinued operations, plan to sell the controlling interest in a subsidiary.
590 _aKA
651 4 _aInternational
690 _aMANAGEMENT-BUSINESS MANAGEMENT-FINANCIAL MANAGEMENT-ACCOUNTING-FINANCIAL REPORTING
856 4 0 _uhttps://www.iasb.org/Updates/IFRIC+Updates/2007/2007+IFRIC+Updates.htm
_zView the item free of charge at www.iasb.org...
942 _n0
999 _c120587
_d120587